000
00336nam a2200145Ia 4500
008
090124s9999 xx 000 0 und d
082
_b
200940
245
_a
बारी
250
_a
1
260
_b
देसाई रणजित
_c
1959
300
_a
223
630
_a
बारी
730
_a
बारी
942
_c
BOOK
999
_c
182509
_d
182509